| 000 | 00712nam a22002057a 4500 | ||
|---|---|---|---|
| 003 | OSt | ||
| 005 | 20260119004019.0 | ||
| 008 | 260119b |||||||| |||| 00| 0 eng d | ||
| 020 | _a0-393-97343-3 | ||
| 040 |
_aDWC-Main lib _cOC |
||
| 082 | _aCirc. 973 Sh555 1999 | ||
| 100 | _aShi, D. | ||
| 245 |
_aFor the record : _b a documentary history of America _cShi, David E. |
||
| 260 |
_aNew York : _bW. W. Norton & Company, _cc1999. |
||
| 300 |
_axiv, 653 pages : _c 23 cm. |
||
| 500 | _aContents: v. 1. From contact through reconstruction | ||
| 650 | _2United States--History--Sources. | ||
| 700 | _aMayer, Holly A. | ||
| 942 |
_2ddc _cBK-CIRC _hCirc. 973 Sh555 1999 _kCirc. _n0 |
||
| 999 |
_c7503 _d7503 |
||